<?xml version="1.0" encoding="UTF-8"?>
<record
    xmlns:xsi="http://www.w3.org/2001/XMLSchema-instance"
    xsi:schemaLocation="http://www.loc.gov/MARC21/slim http://www.loc.gov/standards/marcxml/schema/MARC21slim.xsd"
    xmlns="http://www.loc.gov/MARC21/slim">

  <leader>03064nam a2200565Ia 4500</leader>
  <controlfield tag="001">867</controlfield>
  <controlfield tag="008">241029s9999    xx            000 0 und d</controlfield>
  <datafield tag="010" ind1=" " ind2=" ">
    <subfield code="a">789</subfield>
  </datafield>
  <datafield tag="041" ind1=" " ind2=" ">
    <subfield code="a">Espa&#xF1;ol</subfield>
  </datafield>
  <datafield tag="082" ind1=" " ind2=" ">
    <subfield code="a">NO APLICA</subfield>
  </datafield>
  <datafield tag="245" ind1=" " ind2="0">
    <subfield code="a">Participaci&#xF3;n e Integraci&#xF3;n de la Comunidad en los &#xD3;rganos de Participaci&#xF3;n de los Liceos P&#xFA;blicos Nocturnos del Distrito Educativo 04-06, del Municipio de Haina-Nigua, Provincia San Crist&#xF3;bal, Republica Dominicana, 2010-2012.</subfield>
  </datafield>
  <datafield tag="260" ind1=" " ind2=" ">
    <subfield code="a">Santo Domingo</subfield>
  </datafield>
  <datafield tag="300" ind1=" " ind2=" ">
    <subfield code="a">127</subfield>
  </datafield>
  <datafield tag="520" ind1=" " ind2=" ">
    <subfield code="a">30</subfield>
  </datafield>
  <datafield tag="630" ind1=" " ind2=" ">
    <subfield code="a">Efectividad</subfield>
  </datafield>
  <datafield tag="630" ind1=" " ind2=" ">
    <subfield code="a">Gesti&#xF3;n</subfield>
  </datafield>
  <datafield tag="630" ind1=" " ind2=" ">
    <subfield code="a">Participaci&#xF3;n</subfield>
  </datafield>
  <datafield tag="630" ind1=" " ind2=" ">
    <subfield code="a">Participaci&#xF3;n Comunitaria</subfield>
  </datafield>
  <datafield tag="650" ind1=" " ind2=" ">
    <subfield code="a">Participaci&#xF3;n</subfield>
  </datafield>
  <datafield tag="690" ind1=" " ind2=" ">
    <subfield code="a">Elaborado</subfield>
  </datafield>
  <datafield tag="700" ind1=" " ind2=" ">
    <subfield code="e">asesor</subfield>
    <subfield code="a">Bautista P&#xE9;rez, Juan</subfield>
  </datafield>
  <datafield tag="700" ind1=" " ind2=" ">
    <subfield code="e">autor</subfield>
    <subfield code="a">Paula Soto, Gregorio</subfield>
  </datafield>
  <datafield tag="700" ind1=" " ind2=" ">
    <subfield code="e">autor</subfield>
    <subfield code="a">Valera Uribe , Ana Julia</subfield>
  </datafield>
  <datafield tag="901" ind1=" " ind2=" ">
    <subfield code="a">{"1":"Paula Soto","2":"Valera Uribe "}</subfield>
    <subfield code="b">{"1":"Gregorio","2":"Ana Julia"}</subfield>
  </datafield>
  <datafield tag="902" ind1=" " ind2=" ">
    <subfield code="a">1</subfield>
  </datafield>
  <datafield tag="903" ind1=" " ind2=" ">
    <subfield code="a">{"1":"Bautista P&#xE9;rez"}</subfield>
    <subfield code="b">{"1":"Juan"}</subfield>
  </datafield>
  <datafield tag="904" ind1=" " ind2=" ">
    <subfield code="a">Maestr&#xED;a en</subfield>
  </datafield>
  <datafield tag="905" ind1=" " ind2=" ">
    <subfield code="a">Gesti&#xF3;n de Centros Educativos</subfield>
  </datafield>
  <datafield tag="906" ind1=" " ind2=" ">
    <subfield code="a">2</subfield>
  </datafield>
  <datafield tag="907" ind1=" " ind2=" ">
    <subfield code="a">NO APLICA</subfield>
  </datafield>
  <datafield tag="908" ind1=" " ind2=" ">
    <subfield code="a">NO APLICA</subfield>
  </datafield>
  <datafield tag="909" ind1=" " ind2=" ">
    <subfield code="a">Universidad Aut&#xF3;noma de Santo Domingo (UASD)</subfield>
  </datafield>
  <datafield tag="910" ind1=" " ind2=" ">
    <subfield code="a">NULL</subfield>
    <subfield code="b">NULL</subfield>
  </datafield>
  <datafield tag="911" ind1=" " ind2=" ">
    <subfield code="a">["1"]</subfield>
  </datafield>
  <datafield tag="912" ind1=" " ind2=" ">
    <subfield code="a">NO APLICA</subfield>
  </datafield>
  <datafield tag="913" ind1=" " ind2=" ">
    <subfield code="a">NULL</subfield>
  </datafield>
  <datafield tag="914" ind1=" " ind2=" ">
    <subfield code="a">22 de Mayo de 2013</subfield>
  </datafield>
  <datafield tag="915" ind1=" " ind2=" ">
    <subfield code="a">02/06/14 12:06</subfield>
  </datafield>
  <datafield tag="916" ind1=" " ind2=" ">
    <subfield code="a">NULL</subfield>
  </datafield>
  <datafield tag="917" ind1=" " ind2=" ">
    <subfield code="a">NULL</subfield>
  </datafield>
  <datafield tag="918" ind1=" " ind2=" ">
    <subfield code="a">NO APLICA</subfield>
  </datafield>
  <datafield tag="919" ind1=" " ind2=" ">
    <subfield code="a">["219","111","151","152"]</subfield>
  </datafield>
  <datafield tag="520" ind1=" " ind2=" ">
    <subfield code="a">Este estudio tiene como objetivo principal analizar la participaci&#xF3;n e integraci&#xF3;n de la comunidad en el desenvolvimiento de la gesti&#xF3;n de los liceos p&#xFA;blicos nocturnos del Distrito Educativo 04-06, del municipio de Haina-Nigua, provincia San Crist&#xF3;bal, Republica Dominicana, 2010-2012.Este estudio es de tipo descriptivo no experimental, los m&#xE9;todos empleados fueron el hist&#xF3;rico- l&#xF3;gico, an&#xE1;lisis-s&#xED;ntesis, inducci&#xF3;n-deducci&#xF3;n, estudio documental, las t&#xE9;cnicas utilizadas fueron la entrevista, el cuestionario y la encuesta. La poblaci&#xF3;n objeto de estudio estaba compuesta por 176 estudiantes, 83 profesores, 7 directores y 17 padres de alumnos/as; para muestra se tom&#xF3; el 27% de la poblaci&#xF3;n docente, el 30% de los directores un 26% estudiantil&#xA0;El estudio concluye que los directores, directivos y maestros de estos centros educativos aplican las pol&#xED;ticas de participaci&#xF3;n e investigaci&#xF3;n establecidas por la Ley 66-97 y sus derivados, solo con el fin de cumplir con las exigencias echas por las autoridades educativas representadas en el Distrito, Regional y Ministerio de Educaci&#xF3;n, pero no logran que estos organismos luego de formados se conviertan en organismos funcionales.Se recomienda a los directores de estos centros, concentrar sus esfuerzos en dos ejes principales al momento se tomar sus organismos de participaci&#xF3;n que son: formaci&#xF3;n de los organismos y funcionamiento de los mismos de acuerdo a la Ley 66-97. &#xA0;</subfield>
  </datafield>
  <datafield tag="921" ind1=" " ind2=" ">
    <subfield code="a">16</subfield>
  </datafield>
  <datafield tag="922" ind1=" " ind2=" ">
    <subfield code="a">16</subfield>
  </datafield>
  <datafield tag="923" ind1=" " ind2=" ">
    <subfield code="a">0</subfield>
  </datafield>
  <datafield tag="924" ind1=" " ind2=" ">
    <subfield code="a">NO APLICA</subfield>
  </datafield>
  <datafield tag="942" ind1=" " ind2=" ">
    <subfield code="c">Tesis</subfield>
  </datafield>
  <datafield tag="999" ind1=" " ind2=" ">
    <subfield code="c">789</subfield>
    <subfield code="d">789</subfield>
  </datafield>
</record>
